Statistiques concernant Rappel sur les Valois (1574 - 1589)

Cliquez ici pour prendre le quiz!

Statistiques générales

  • Ce quiz a été pris 7 fois
  • Le résultat moyen est 2 sur 6

Statistiques - réponses

QuestionsRéponse% Correct
A-t-il eu un héritier ?Non
100%
En quelle année a été assassiné Henri III ?1589
71%
Que spécifiait-il ?Cadrait les libertés des protestants
43%
Quel édit a-t-il mis en place ?Edit de Poitiers
0%
Qui a épousé Charles IX ?Elisabeth d'Autriche
0%
Contre qui mène-t-il une guerre ?Henri de Bourbon, roi de Navarre
0%

Distribution des résultats

Percentile par nombre de réponses

% des personnes avec chaque résultat

Votre développement - résultats

Vous n’avez pas pris ce quiz